| 000 | 00565nam a22001577a 4500 | ||
|---|---|---|---|
| 003 | NUST | ||
| 082 | _a200 | ||
| 100 |
_aSiddiqui, Qasim Ahmed _996796 |
||
| 245 |
_aBuilding Portable and Modular High Capacity Power Station using Lithium-Ion Cells / _cQasim Ahmed Siddiqui |
||
| 264 |
_aIslamabad : _bSEECS, NUST, _c2022. |
||
| 300 | _a98 p. ; | ||
| 650 |
_aMS-Electrical Engineering _923567 |
||
| 700 |
_aSupervisor: Dr. Usman Ali: Co-Supervisor Dr. Hasan Arshad Nasir _996797 |
||
| 856 | _uhttp://10.250.8.41:8080/xmlui/handle/123456789/29033 | ||
| 942 |
_2ddc _cSC |
||
| 999 |
_c590873 _d590873 |
||